00699nam a2200181Ia 4500003000900000008004100009020001800050040001600068080001500084245013700099260004800236300001600284650006800300700003300368942000700401999001700408952009200425IN-BaIIA211028s9999 xx 000 0 eng d a0-691-08229-4 cIIA Library a92:53bELI 0aElie Cartan - Albert Einsteinbletters on absolute parallelism 1929-1932cedited by Robert Debever  aPrincetonbPrinceton University Pressc1979 axvii, 233p. aBiography - Albert Einstein, Albert Einstein - Biography921336 aDebever, Robert., ed.921337 cBK c12212d12212 00104070aBANbBANcGENd1997-08-27l0o92:53/ ELIp13128r2021-11-05w1997-08-27yBK